[Event "Online Olym Div4 A"]
[Site "Chess.com INT"]
[Date "2020.08.01"]
[Round "6.2"]
[White "Myint Han, A."]
[Black "Mdoe, Yusuf"]
[Result "1-0"]
[WhiteElo "2319"]
[BlackElo "1734"]
[PlyCount "65"]
[EventDate "2020.07.31"]
[EventType "team-tourn (rapid)"]
[EventRounds "9"]
[EventCountry "USA"]
[SourceTitle "CBM 198"]
[Source "ChessBase"]
[SourceDate "2020.10.31"]
[SourceVersion "1"]
[SourceVersionDate "2020.10.31"]
[SourceQuality "1"]
[WhiteTeam "Myanmar"]
[BlackTeam "Tanzania"]
[WhiteTeamCountry "MYA"]
[BlackTeamCountry "TAN"]

1. e4 c5 2. Nf3 Nc6 3. Bb5 d6 4. 0-0 e6 5. c3 g6 6. d4 Bd7 7. d5 Nce7 8. Bxd7+ Qxd7 9. dxe6 fxe6 10. Qb3 Rc8 11. Nbd2 b5 12. a4 a6 13. Rd1 c4 14. Qc2 Nf6 15. e5 Nfd5 16. axb5 axb5 17. Ne4 Kf7 18. Nxd6+ Kg7 19. Nxc8 Nxc8 20. Bg5 Qf7 21. Qe4 Qf5 22. Bf6+ Nxf6 23. exf6+ Qxf6 24. Rd7+ Kh6 25. Qe3+ g5 26. h4 Kh5 27. hxg5 Qf5 28. Nd4 Qg4 29. Nxe6 h6 30. Rd4 Bc5 31. Nf4+ Kxg5 32. Rd5+ Kf6 33. Qe5+ 1-0